Statistiken für Region zu Land #6

Klicken Sie hier um das Quiz zu spielen!

Allgemein

  • Dieses Quiz wurde 111 mal gespielt
  • Das Durchschnittsergebnis liegt bei 11 aus 15

Antwortstatistiken

RegionLand% Korrekt
AlaskaVereinigte Staaten
100%
KorsikaFrankreich
97%
SardinienItalien
96%
JütlandDänemark
93%
QuébecKanada
91%
YukonKanada
88%
La RiojaSpanien
82%
Baja CaliforniaMexiko
73%
MacaoChina
69%
South IslandNeuseeland
68%
YunnanChina
61%
Uttar PradeshIndien
59%
SaskatchewanKanada
59%
Turks- und CaicosinselnVereinigtes Königreich
53%
Mato GrossoBrasilien
44%

Verteilung der Resultate

Perzentil nach korrekt beantworteten Fragen

Anzahl Personen mit jedem Resultat

Ihre Resultats-Entwicklung

Sie haben dieses Quiz noch nicht gespielt